Falling in love with a lizard / (Record no. 32511)

MARC details
000 -LEADER
fixed length control field 00665nam a22002297a 4500
008 - FIXED-LENGTH DATA ELEMENTS--GENERAL INFORMATION
fixed length control field 250627b |||||||| |||| 00| 0 eng d
017 ## - LEGAL DEPOSIT NUMBER
Legal deposit number LD.4788
018 ## - LEGAL DEPOSIT YEAR
LDD Year 2025
020 ## - INTERNATIONAL STANDARD BOOK NUMBER
ISBN 9789786041353
040 ## - CATALOGING SOURCE
Original cataloging agency NLN
Language of cataloging English
Description conventions AACR2
100 ## - MAIN ENTRY--AUTHOR
Author ACHONULO, Chidiebere
Relator term aut
245 ## - TITLE STATEMENT
Title Falling in love with a lizard /
Statement of responsibility, etc Chidiebere Achonulo
260 ## - PUBLICATION, DISTRIBUTION, ETC. (IMPRINT)
Place of publication Port-Harcourt, Rivers State :
Name of publisher Pi Africana Press,
Date of publication 2022
300 ## - COLLATION
Pagination vi, 51p. ;
Other physical details 20cm.
563 ## - BINDING INFORMATION
Binding note (pbk.)
650 ## - TRACINGS
Main Subject Nigerian fiction (English)
650 ## - TRACINGS
Main Subject Nigerian literature (English)
942 ## - ADDED ENTRY ELEMENTS (KOHA)
Item type Books
Suppress in OPAC No
050 ## - LIBRARY OF CONGRESS CALL NUMBER
Classification number PR9387.9.A179
Item number F195
082 ## - DEWEY DECIMAL CLASSIFICATION NUMBER
Classification number 823
Holdings
Source of classification or shelving scheme Not for loan Home library Current library Date acquired Mode of acquisition Accession No. Full call number Barcode. Copy number Koha item type
Library of Congress Classification   National Library of Nigeria National Library of Nigeria 27/06/2025 Legal deposit 449782 PR9387.9.A179 F195 449782 1 Books
Library of Congress Classification   KEBBI BRANCH National Library of Nigeria 27/06/2025 Legal deposit 449783 PR9387.9.A179 F195 449783 1 Books
Library of Congress Classification   PORT HARCOURT BRANCH National Library of Nigeria 27/06/2025 Legal deposit 449784 PR9387.9.A179 F195 449784 1 Books

National Library of Nigeria OPAC is powered by Koha